UEFA Conference League 2025/26 First XI - Statistics

General Stats
  • This quiz has been taken 30 times
  • The average score is 56 of 396
Answer Stats
Club Position Nationality Player % Correct
Fiorentina FW Edin Džeko
78%
Crystal Palace FW Jean-Philippe Mateta
78%
Crystal Palace RM Daniel Muñoz
67%
Crystal Palace GK Dean Henderson
67%
Crystal Palace RW Daichi Kamada
61%
Crystal Palace CB Marc Guéhi
61%
Crystal Palace CB Maxence Lacroix
61%
Fiorentina WB Robin Gosens
61%
Crystal Palace CB Chris Richards
56%
Fiorentina GK David de Gea
56%
Crystal Palace CM Will Hughes
56%
Crystal Palace LW Yeremi Pino
56%
Crystal Palace CM Adam Wharton
50%
Rayo Vallecano LW Álvaro García
50%
Crystal Palace LM Borna Sosa
50%
Red Imps GK Nauzet García
50%
Fiorentina WB Dodô
44%
Lech Poznań FW Mikael Ishak
44%
Jagiellonia FW Afimico Pululu
39%
Raków LM Adriano
33%
Legia Warsaw FW Antonio Čolak
33%
KF Drita WB Besnik Krasniqi
33%
Shkëndija 79 AM Endrit Krasniqi
33%
Legia Warsaw GK Kacper Tobiasz
33%
Mainz 05 CM Nadiem Amiri
33%
Fiorentina CB Pablo Marí
33%
Legia Warsaw LW Petar Stojanović
33%
Legia Warsaw CB Radovan Pankov
33%
Raków CB Stratos Svarnas
33%
AEK Athens GK Thomas Strakosha
33%
Rayo Vallecano DM Unai López
33%
Shakhtar Donetsk RB Vinicius Tobias
33%
Sparta Prague RW Albion Rrahmani
28%
Jagiellonia RW Alejandro Pozo Pozo
28%
Lech Poznań CB Antonio Milić
28%
Lech Poznań GK Bartosz Mrozek
28%
Raków CB Bogdan Racovitan
28%
Rayo Vallecano RW Francisco Perez
28%
NK Celje FW Franko Kovačević
28%
Raków LW Ivi
28%
Sparta Prague FW Jan Kuchta
28%
Jagiellonia AM Jesús Imaz
28%
Lech Poznań RB Joel Pereira
28%
Raków FW Jonatan Braut Brunes
28%
Raków GK Kacper Trelowski
28%
Legia Warsaw RM Kacper Urbanski
28%
Lech Poznań LW Kornel Lisman
28%
Lech Poznań AM Luis Enrique Palma
28%
AEK Athens FW Luka Jović
28%
Legia Warsaw RB Marco Burch
28%
Fiorentina CB Marin Pongračić
28%
Shakhtar Donetsk CM Marlon Gomes
28%
Lech Poznań LB Michał Gurgul
28%
AEK Athens FW Răzvan Marin
28%
Fiorentina CM Rolando Mandragora
28%
Jagiellonia GK Sławomir Abramowicz
28%
Lech Poznań DM Timothy Ouma
28%
Sparta Prague LW Veljko Birmančević
28%
Legia Warsaw LM Wojciech Urbanski
28%
Legia Warsaw CB Artur Jędrzejczyk
22%
Mainz 05 CB Danny da Costa
22%
BK Häcken GK Etrit Berisha
22%
Rayo Vallecano CB Florian Lejeune
22%
Raków CB Fran Tudor
22%
Legia Warsaw RW Kacper Chodyna
22%
Shakhtar Donetsk FW Kauã Elias
22%
Strasbourg FW Kendry Páez
22%
AEK Athens RB Llazaros Rota
22%
Samsunspor FW Marius Mouandilmadji
22%
AZ Alkmaar LB Mees de Wit
22%
KuPS FW Mohamed Touré
22%
Dynamo Kyiv LW Mykola Shaparenko
22%
AEK Athens CM Orbelín Pineda
22%
Raków CM Oskar Repka
22%
KuPS RW Otto Ruoppi
22%
Legia Warsaw CM Rafał Augustyniak
22%
Legia Warsaw LB Rúben Vinagre
22%
KuPS LB Taneli Hämäläinen
22%
Raków LW Tomasz Pieńko
22%
Rijeka CM Toni Fruk
22%
BK Häcken RM Adrian Svanbäck
17%
Rayo Vallecano LB Alfonso Espino
17%
Dynamo Kyiv RW Andriy Yarmolenko
17%
Sparta Prague CB Asger Sørensen
17%
Rayo Vallecano GK Augusto Batalla
17%
Rapid Wien RB Bendegúz Bolla
17%
Red Imps CB Bernardo Lopes
17%
Jagiellonia CB Bernardo Vital
17%
AEK Athens LM Dereck Kutesa
17%
KuPS CM Doni Arifi
17%
Jagiellonia CB Dušan Stojinovič
17%
Lech Poznań DM Filip Jagiełło
17%
AC Omonia GK Francis Uzoho
17%
Slovan Bratislava CB Guram Kashia
17%
AEK Athens CB Harold Moukoudi
17%
KuPS CB Ibrahim Cissé
17%
AC Omonia CM Ioannis Kousoulos
17%
Rayo Vallecano RB Iván Balliu
17%
KuPS LM Jaakko Oksanen
17%
KuPS GK Johannes Kreidl
17%
Raków CM Karol Struski
17%
Slovan Bratislava DM Kyriakos Savvidis
17%
Jagiellonia DM Leon Flach
17%
Samsunspor CB Ľubomír Šatka
17%
Fiorentina CB Luca Ranieri
17%
AEK Athens CM Marko Grujić
17%
Raków RM Michael Ameyaw
17%
Strasbourg GK Mike Penders
17%
Zrinjski Mostar FW Nemanja Bilbija
17%
AEK Athens RM Niclas Eliasson
17%
Fiorentina CM Nicolò Fagioli
17%
Jagiellonia RB Norbert Wojtuszek
17%
Samsunspor CM Olivier Ntcham
17%
Jagiellonia LW Oskar Pietuszewski
17%
Sparta Prague GK Peter Vindahl Jensen
17%
KuPS LW Petteri Pennanen
17%
AÉK Lárnaka FW Riad Bajić
17%
KuPS RM Samuel Pasanen
17%
AC Omonia CB Senou Coulibaly
17%
Mainz 05 CB Stefan Bell
17%
Samsunspor RM Tanguy Coulibaly
17%
Lech Poznań RW Taofeek Ismaheel
17%
Aberdeen LM Topi Keskinen
17%
CS U Craiova DM Tudor Băluță
17%
Shakhtar Donetsk CB Valerii Bondar
17%
CS U Craiova CB Vladimir Screciu
17%
AC Omonia LW Willy Semedo
17%
FC Noah DM Yan Brice Eteki
17%
NK Celje CM Žan Karničnik
17%
AÉK Lárnaka GK Zlatan Alomerović
17%
CS U Craiova CB Adrian Rus
11%
KF Drita CM Albert Dabiqaj
11%
CS U Craiova CM Alexandru Cicâldău
11%
CS U Craiova CM Alexandru Crețu
11%
Lech Poznań CB Alex Douglas
11%
Ħamrun Spartans FC CM Ante Ćorić
11%
Samsunspor LM Anthony Musaba
11%
Breiðablik GK Anton Ari Einarsson
11%
KF Drita FW Arb Manaj
11%
Shkëndija 79 GK Baboucarr Gaye
11%
Jagiellonia LB Bartłomiej Wdowik
11%
Shkëndija 79 FW Besart Ibraimi
11%
Samsunspor CM Carlo Holse
11%
CS U Craiova RW Carlos Mora
11%
Samsunspor DM Celil Yüksel
11%
Slovan Bratislava WB César Blackman
11%
Fiorentina CM Cher Ndour
11%
Breiðablik CB Damir Muminovic
11%
AZ Alkmaar RB Denso Kasius
11%
Slovan Bratislava GK Dominik Takáč
11%
AC Omonia RW Ewandro
11%
AEK Athens CB Filipe Relvas
11%
AC Omonia RM Giannis Masouras
11%
Ħamrun Spartans FC GK Henry Bonello
11%
Breiðablik CM Höskuldur Gunnlaugsson
11%
Red Imps RB Ibrahim Ayew
11%
Zrinjski Mostar DM Igor Savić
11%
Sigma Olomouc CB Jan Král
11%
Sparta Prague CB Jaroslav Zelený
11%
Ħamrun Spartans FC RW Joseph Mbong
11%
Shamrock Rovers WB Joshua Honohan
11%
Rayo Vallecano CB Jozhua Vertrouwd
11%
NK Celje CB Juanjo Nieto
11%
CS U Craiova CB Juraj Badelj
11%
Mainz 05 CM Kaishu Sano
11%
Shkëndija 79 DM Kamer Qaka
11%
Zrinjski Mostar RW Karlo Abramović
11%
Shkëndija 79 CB Klisman Cake
11%
Shkëndija 79 LW Liridon Latifi
11%
Samsunspor LB Logi Tómasson
11%
AÉK Lárnaka DM Luís Gustavo Ledes
11%
Sparta Prague CM Lukáš Sadílek
11%
Red Imps CM Mandi
11%
Zrinjski Mostar LW Mario Čuže
11%
Rijeka GK Martin Zlomislić
11%
BK Häcken RW Mikkel Rygaard Jensen
11%
Shakhtar Donetsk CB Mykola Matviyenko
11%
FC Noah FW Nardin Mulahusejnović
11%
Rapid Wien CB Nenad N. Cvetković
11%
CS U Craiova LW Nicușor Bancu
11%
NK Celje WB Nikita Iosifov
11%
Rapid Wien GK Niklas Hedl
11%
Slovan Bratislava FW Nino Marcelli
11%
Samsunspor GK Okan Kocuk
11%
Lausanne-Sport DM Olivier Custodio
11%
Rayo Vallecano AM Óscar Trejo
11%
Mainz 05 RW Paul Nebel
11%
CS U Craiova GK Pavlo Isenko
11%
AÉK Lárnaka DM Pere Pons
11%
Ħamrun Spartans FC FW Philippe Koffi
11%
Mainz 05 LM Phillipp Mwene
11%
KF Drita CB Raddy Ovouka
11%
Samsunspor CB Rick van Drongelen
11%
Mainz 05 GK Robin Zentner
11%
Shkëndija 79 LB Ronaldo Webster
11%
Dynamo Kyiv GK Ruslan Neshcheret
11%
Strasbourg DM Samir El Mourabet
11%
KuPS CB Samuli Miettinen
11%
Shelbourne FC CB Sean Gannon
11%
Lausanne-Sport LB Sékou Fofana
11%
Rayo Vallecano FW Sergio Camello
11%
Ħamrun Spartans FC LW Serigne Thioune
11%
BK Häcken DM Silas Andersen
11%
BK Häcken CM Simon Gustafson
11%
AEK Athens LB Stavros Pilios
11%
CS U Craiova FW Stefan Baiaram
11%
AZ Alkmaar CM Sven Mijnans
11%
FC Noah CM Takuto Oshima
11%
Jagiellonia DM Taras Romanchuk
11%
Slovan Bratislava DM Tigran Barseghyan
11%
Sigma Olomouc DM Tihomir Kostadinov
11%
FC Noah GK Timothy Fayulu
11%
Rapid Wien AM Tobias Gulliksen
11%
Red Imps RB Toni Kolega
11%
KF Drita CM Vesel Limaj
11%
Breiðablik CM Viktor Karl Einarsson
11%
NK Celje AM Vitaly Lisakovich
11%
AÉK Lárnaka LW Waldo Rubio
11%
AZ Alkmaar CB Wouter Goes
11%
AÉK Lárnaka AM Yerson Chacón
11%
Samsunspor RB Zeki Yavru
11%
Shamrock Rovers CM Aaron McEneff
6%
Sigma Olomouc CB Abdoulaye Sylla
6%
Strasbourg LB Abdoul Ouattara
6%
BK Häcken LB Adam Lundqvist
6%
Sparta Prague CB Adam Sevinsky
6%
Breiðablik LM Ágúst Orri Þorsteinsson
6%
Slovan Bratislava WB Alasana Yirajang
6%
Shkëndija 79 RB Aleksandër Trumci
6%
AZ Alkmaar CB Alexandre Penetra
6%
Aberdeen CB Alfie Dorrington
6%
Shelbourne FC FW Ali Coote
6%
Dynamo Kyiv CB Aliou Thiaré
6%
KF Drita AM Almir Ajzeraj
6%
Strasbourg CB Andrew Omobamidele
6%
Rapid Wien RW Andrija Radulović
6%
Rijeka CB Anel Husic
6%
Rapid Wien CB Ange Ahoussou
6%
Rijeka RB Ante Orec
6%
Aberdeen CM Ante Palaversa
6%
Red Imps FW Antonio García Montero
6%
Zrinjski Mostar AM Antonio Ivancic
6%
Breiðablik CB Anton Logi Lúðvíksson
6%
Mainz 05 FW Armindo Sieb
6%
Mainz 05 LW Arnaud Nordin
6%
NK Celje CB Artemijus Tutyškinas
6%
Sigma Olomouc LW Artūr Dolžnikov
6%
CS U Craiova FW Assad Al Hamalawi
6%
Lausanne-Sport AM Beyatt Lekoueiry
6%
Red Imps LM Boubacar Dabo
6%
Lausanne-Sport RM Brandon Soppy
6%
Lausanne-Sport CB Bryan Okoh
6%
AC Omonia CM Carel Eiting
6%
Rapid Wien FW Claudy M'Buyi
6%
Shamrock Rovers CB Cory O'Sullivan
6%
Rijeka FW Daniel Adu-Adjei
6%
Shamrock Rovers CB Daniel Cleary
6%
NK Celje WB Danijel Šturm
6%
Shamrock Rovers WB Danny Grant
6%
NK Celje CM Darko Hrka
6%
Shamrock Rovers CM Darragh Nugent
6%
AZ Alkmaar CM Dave Kwakman
6%
FC Noah LB David Sualehe
6%
Sigma Olomouc AM David Tkac
6%
Rijeka CM Dejan Petrovič
6%
Aberdeen GK Dimitar Mitov
6%
Shakhtar Donetsk GK Dmytro Riznyk
6%
Ħamrun Spartans FC RM Domantas Šimkus
6%
Zrinjski Mostar CB Duje Dujmović
6%
Ħamrun Spartans FC LM Eder
6%
Shamrock Rovers GK Ed McGinty
6%
Dynamo Kyiv FW Eduardo Guerrero
6%
KF Drita CB Egzon Bejtulai
6%
FC Noah RB Eric Boakye
6%
Shkëndija 79 RW Fabrice Tamba
6%
KF Drita GK Faton Maloku
6%
BK Häcken CB Filip Helander
6%
Sigma Olomouc RB Filip Slavíček
6%
AC Omonia LM Fotios Kitsos
6%
Lausanne-Sport LM Gabriel Sigua
6%
Lausanne-Sport FW Gaoussou Diakite
6%
Rayo Vallecano DM Gerard Gumbau
6%
Sigma Olomouc RW Ghali Ahmad
6%
AÉK Lárnaka RB Godswill Ekpolo
6%
Zrinjski Mostar GK Goran Karaćić
6%
Red Imps CM Graeme Torilla
6%
FC Noah CM Gustavo Sangaré
6%
BK Häcken RB Harry Hilvenius
6%
Shelbourne FC CM Harry Wood
6%
FC Noah RM Hélder Ferreira
6%
AÉK Lárnaka CB Hrvoje Miličević
6%
Shkëndija 79 CB Imran Fetai
6%
Strasbourg CB Ismaël Doukouré
6%
Aberdeen CB Jack Milne
6%
Shelbourne FC CB James Norris
6%
Sigma Olomouc GK Jan Koutny
6%
Rapid Wien LB Jannes Horn
6%
AÉK Lárnaka LB Jérémie Gnali
6%
Aberdeen LW Jesper Karlsson
6%
Sigma Olomouc LB Jiří Sláma
6%
Red Imps CB Joe
6%
Shamrock Rovers FW John McGovern
6%
BK Häcken FW John Paul Dembe
6%
Shelbourne FC CM Jonathan Lunney
6%
KF Drita CB Jorgo Pellumbi
6%
BK Häcken RB Julius Lindberg
6%
Rijeka LB Justas Lasickas
6%
Mainz 05 CB Kacper Potulski
6%
Shelbourne FC CB Kameron Ledwidge
6%
Lausanne-Sport CB Karim Sow
6%
Lausanne-Sport GK Karlo Letica
6%
Slovan Bratislava CB Kenan Bajrić
6%
Shelbourne FC CM Kerr McInroy
6%
Lausanne-Sport RB Kevin Mouanga
6%
Dynamo Kyiv CB Kristian Bilovar
6%
Breiðablik LB Kristinn Jónsson
6%
Breiðablik RM Kristinn Steindórsson
6%
Breiðablik FW Kristófer Kristinsson
6%
Aberdeen RW Leighton Clarkson
6%
KF Drita AM Liridon Balaj
6%
Shakhtar Donetsk RM Lucas Ferreira
6%
Strasbourg RB Lucas Høgsberg
6%
Rijeka CM Luka Menalo
6%
Rapid Wien DM Lukas Grgic
6%
NK Celje CB Łukasz Bejger
6%
AÉK Lárnaka RW Marcus Rohdén
6%
FC Noah LM Marin Jakoliš
6%
NK Celje AM Mario Kvesić
6%
BK Häcken CB Marius Lode
6%
Aberdeen FW Marko Lazetić
6%
Slovan Bratislava FW Marko Tolić
6%
Zrinjski Mostar RB Marko Vranjković
6%
Strasbourg LW Martial Godo
6%
Sparta Prague LM Martin Suchomel
6%
Sigma Olomouc FW Matěj Mikulenka
6%
Strasbourg RM Mathis Amougou
6%
Aberdeen CB Mats Knoester
6%
Shamrock Rovers CM Matt Healy
6%
AZ Alkmaar FW Mexx Meerdink
6%
Sigma Olomouc DM Michal Beran
6%
Shelbourne FC RB Milan Mbeng
6%
Shelbourne FC FW Mipo Odubeko
6%
Rijeka CB Mladen Devetak
6%
Red Imps LB Nano
6%
FC Noah CB Nathanaël Saintini
6%
Zrinjski Mostar DM Neven Đurasek
6%
Aberdeen RM Nicky Devlin
6%
Rijeka CM Niko Janković
6%
Mainz 05 RM Nikolas Veratschnig
6%
Rapid Wien LW Nikolaus Wurmbrand
6%
Ħamrun Spartans FC CB Ognjen Bjeličić
6%
Shakhtar Donetsk CM Oleh Ocheretko
6%
Dynamo Kyiv RM Oleksandr Tymchyk
6%
Dynamo Kyiv CM Oleksandr Yatsyk
6%
Shelbourne FC CB Paddy Barrett
6%
Sparta Prague RM Pavel Kadeřábek
6%
Shakhtar Donetsk LM Pedrinho
6%
Shakhtar Donetsk LB Pedro Henrique
6%
AZ Alkmaar CB Peer Koopmeiners
6%
Zrinjski Mostar LB Petar Mamić
6%
Shamrock Rovers CB Pico
6%
Ħamrun Spartans FC RB Rafael Compri
6%
Strasbourg LM Rafael Gonçalves
6%
Slovan Bratislava DM Rahim Ibrahim
6%
Shkëndija 79 DM Reshat Ramadani
6%
Fiorentina FW Roberto Piccoli
6%
AZ Alkmaar GK Rome-Jayden Owusu-Oduro
6%
Rapid Wien DM Romeo Amane
6%
Shamrock Rovers FW Rory Gaffney
6%
AZ Alkmaar LM Ro-Zangelo Daal
6%
Ħamrun Spartans FC LB Ryan Camenzuli
6%
AC Omonia FW Ryan Mmaee
6%
AC Omonia CB Saad Agouzoul
6%
KuPS RB Saku Savolainen
6%
Strasbourg RW Samuel Amo-Ameyaw
6%
Slovan Bratislava CB Sandro Cruz
6%
FC Noah CB Sergei Muradyan
6%
Sparta Prague CM Sivert Mannsverk
6%
Zrinjski Mostar CB Slobodan Jakovljević
6%
AC Omonia CB Stefan Simić
6%
Rijeka CB Stjepan Radeljić
6%
Aberdeen CM Stuart Armstrong
6%
Dynamo Kyiv CB Taras Mykhavko
6%
Lausanne-Sport FW Theo Bair
6%
Red Imps FW Tjay De Barr
6%
AÉK Lárnaka CB Valentin Roberge
6%
Breiðablik RB Valgeir Valgeirsson
6%
KF Drita AM Veton Tusha
6%
Breiðablik CB Viktor Örn Margeirsson
6%
Ħamrun Spartans FC CB Vincenzo Polito
6%
Dynamo Kyiv LM Vladyslav Dubinchak
6%
Dynamo Kyiv CM Volodymyr Brazhko
6%
AZ Alkmaar RM Weslley Patati
6%
Shelbourne FC GK Wessel Speel
6%
Shakhtar Donetsk DM Yehor Nazaryna
6%
NK Celje GK Žan Leban
6%
No matching quizzes found
Score Distribution
Percent of People with Each Score
Percentile by Number Answered
Your Score History
You have not taken this quiz